000 00550nam a2200181Ia 4500
008 100920s9999 xx 000 0 und d
082 _b76547
_a--- न 00
100 _aकाकडे द. स.
245 _aघरदांज.
260 _bबांदोडकर पब्लिशिंग हाऊस, गोवा.
_c2000
300 _a195
_bसाधी
365 _b175
520 _aकादंबरी.
630 _aघरदांज.
650 _aकादंबरी.
730 _aघरदांज.
942 _cBOOK
999 _c717943
_d717940